000 00593nam a2200229Ia 4500
003 OSt
005 20220924135816.0
006 a|||||r|||| 00| 0
007 ta
008 220923b |||||||| |||| 00| 0 ben d
024 _a292610
037 _cTextual
040 _aARTS
_cARTS
_bben
041 _2ben
_aben
082 _aO157,1M61:g(X:3M24), M7
100 _aSarkar
_9104788
245 0 _aRabindra manane marriya darsan
260 _c1987
650 _aBENGALI LITERATURE
942 _hO157,1M61:g(X:3M24), M7
_cTEXL
_2CC
999 _c442022
_d442022